000 01325nam a2200349 i 4500
001 000038433
003 DO-SdBNP
005 20241120113428.0
007 ta
008 130411s2012 dr ac 000 0 spa d
020 _a9789945410617
040 _aDO-SdBNP
_bspa
_cBNPHU
_erda
041 _aspa
082 4 _a972.9304
_bW449d
_222
100 1 _aWelles, Sumner
_d1892-1961.
_eautor
_4aut.
_963835
245 1 0 _aLa dictadura de Heureaux /
_cSumner Welles ; presentación y notas Orlando Inoa.
264 4 _aSanto Domingo :
_bEditorial Letra Gráfica,
_c©2012.
300 _a269 páginas :
_bilustraciones, retratos
_c24 cm.
336 _atexto
_btxt
_2rdacontent
337 _asin mediación
_bn
_2rdamedia
338 _avolumen
_bnc
_2rdacarrier
500 _aIncluye datos biográficos del autor en la solapa de la cubierta
500 _aIncluye referencias bibliográficas y notas al pie de las páginas
590 _aInventariado, 2023 / DG
600 1 0 _a Heureaux, Ulises,
_d1845-1899
_9598
650 4 _aDictadores
_zRepública Dominicana
_983023
650 4 _aPresidentes
_zRepública Dominicana
_983024
_vBiografías
651 0 _aRepública Dominicana --
_xHistoria --
_y1844-1930
_91009
700 1 _aInoa, Orlando
_eeditor
_4ed.
_95784
910 _aDG/Validado. Control de calidad MFF
942 _2ddc
_cLBS1
999 _c37923
_d37923